80's Songs by Lyrics #4 - Statistics

General Stats
  • This quiz has been taken 433 times
  • The average score is 6 of 15
Answer Stats
Lyrics Song % Correct
Looking like a true survivor, feeling like a little kid I'm Still Standing
84%
Some of them want to use you, some of them want to get used by you Sweet Dreams
70%
I played my first real six-string Summer of '69
69%
I'm down on my knees, I wanna take you there Like a Prayer
56%
If you're lost, you can look and you will find me Time after Time
54%
You have to show them that you're really not scared. You're playin' with your life, this ain't no truth or dare Beat It
44%
Auf ihrem Weg zum Horizont Hielt man für Ufos aus dem All 99 Luftballons
34%
We're going to party, karamu, fiesta, forever All Night Long
34%
I'm an alien, I'm a legal alien Englishman in New York
34%
You promised me Heaven, then put me through Hell You Give Love A Bad Name
33%
Shining like the sun, Smiling having fun. Feeling like a number one Super Trouper
26%
'Cause maybe they've seen us and welcome us all, yeah The Final Countdown
23%
Been working so hard I'm punching my card Footloose
22%
I used to think maybe you loved me, now I know that it's true Walking on Sunshine
19%
Well, I've been waiting, waiting here so long Invisible Touch
6%
No matching quizzes found
Score Distribution
Percent of People with Each Score
Percentile by Number Answered
Your Score History
You have not taken this quiz